[Event "FIDE World Rapid Team"]
[Site "Almaty KAZ"]
[Date "2024.08.04"]
[Round "10.27"]
[White "Lysakov, Anton"]
[Black "Ishmukhametova, Dilyara"]
[Result "1/2-1/2"]
[WhiteElo "1947"]
[BlackElo "1954"]
[WhiteTeam "Chess Dream"]
[BlackTeam "Kazakhstan dream team"]
[WhiteFideId "4193750"]
[BlackFideId "13703072"]
[EventDate "2024.08.02"]

1. e4 e5 2. Nf3 Nc6 3. Bc4 Be7 4. d4 exd4 5. Nxd4 d6 6. Nc3 Nf6 7. O-O O-O 8. h3
Nxe4 9. Bxf7+ Rxf7 10. Nxe4 Kh8 11. Qh5 Qf8 12. Be3 Nxd4 13. Bxd4 Bf5 14. Ng3
Bg6 15. Qb5 b6 16. c3 Bf6 17. Be3 Be5 18. Ne2 a6 19. Qc4 b5 20. Qh4 Bd3 21. Rfe1
Qd8 22. Qh5 Bg6 23. Qg5 Qxg5 24. Bxg5 h6 25. Be3 Raf8 26. Nd4 Bxd4 27. Bxd4 Kg8
28. Rad1 Rd7 29. Rd2 Rdd8 30. Rde2 Rde8 31. Rxe8 1/2-1/2

[Event "FIDE World Rapid Team"]
[Site "Almaty KAZ"]
[Date "2024.08.04"]
[Round "10.28"]
[White "Zhunusov, Nurlan"]
[Black "Kaipbayev, Aday"]
[Result "0-1"]
[WhiteElo "1771"]
[BlackElo "1711"]
[WhiteTeam "Kazakhstan dream team"]
[BlackTeam "Chess Dream"]
[WhiteFideId "13708872"]
[BlackFideId "379104995"]
[EventDate "2024.08.02"]

1. e4 d5 2. exd5 Nf6 3. d4 Nxd5 4. Nf3 Bf5 5. Bd3 Bg6 6. c4 Nf6 7. O-O e6 8. Nc3
Be7 9. Re1 c5 10. Bxg6 hxg6 11. dxc5 Qxd1 12. Rxd1 Na6 13. Nb5 O-O 14. Bf4 Bxc5
15. Bd6 Rfd8 16. Bxc5 Nxc5 17. Rxd8+ Rxd8 18. Nxa7 Ra8 19. Nb5 Nb3 20. Rb1 Rxa2
21. Nd6 b6 22. Ne5 Ra7 23. Rd1 Nh5 24. Ndxf7 Rxf7 25. Nxf7 Kxf7 26. Rd6 Na5 27.
b3 Nxb3 28. Rxb6 Nc5 29. Rb5 Na6 30. c5 Nf4 31. g3 Nd5 32. Kg2 Nac7 33. Ra5 Ke7
34. Kf3 Kd7 35. Kg4 Kc6 36. Kg5 Ne7 37. h4 e5 38. Kg4 Ned5 39. Kg5 Ne7 40. Kg4
Nb5 41. Ra6+ Kxc5 42. Re6 Nd5 43. Rxe5 Kd4 44. Rg5 Nd6 45. Rxg6 Nf6+ 46. Kg5
Nf7+ 47. Kf4 Nd5+ 0-1

[Event "FIDE World Rapid Team"]
[Site "Almaty KAZ"]
[Date "2024.08.04"]
[Round "10.29"]
[White "Minnekhanov, Eldar"]
[Black "Beisikenov, Eduard"]
[Result "1-0"]
[WhiteElo "1750"]
[BlackElo "1821"]
[WhiteTeam "Chess Dream"]
[BlackTeam "Kazakhstan dream team"]
[WhiteFideId "13705660"]
[BlackFideId "13785079"]
[EventDate "2024.08.02"]

1. e4 c5 2. Nf3 Nc6 3. Bb5 Nd4 4. Nxd4 cxd4 5. d3 Qa5+ 6. c3 Qxb5 7. cxd4 e6 8.
O-O Nf6 9. Nc3 Qb6 10. e5 Nd5 11. Nxd5 exd5 12. Bg5 h6 13. Bh4 Qxd4 14. Bg3 b6
15. Re1 Ba6 16. Re3 Be7 17. e6 dxe6 18. Be5 Qb4 19. Bxg7 Rg8 20. Bc3 Qc5 21. d4
Qb5 22. Qh5 Rg6 23. Qe5 Kd7 24. Rc1 Rag8 25. g3 Bf6 26. Qf4 Rc8 27. h4 Ke7 28.
a3 Ke8 29. h5 Bg5 30. Qf3 Bxe3 31. hxg6 Bxf2+ 32. Qxf2 fxg6 33. Qf6 Qd7 34. Qh8+
Kf7 35. Qh7+ Ke8 36. Qg8+ 1-0

[Event "FIDE World Rapid Team"]
[Site "Almaty KAZ"]
[Date "2024.08.04"]
[Round "10.30"]
[White "Sakenov, Askar"]
[Black "Bozhgulova, Zaynabkhan"]
[Result "1-0"]
[WhiteElo "1715"]
[BlackElo "1605"]
[WhiteTeam "Kazakhstan dream team"]
[BlackTeam "Chess Dream"]
[WhiteFideId "13713655"]
[BlackFideId "13727443"]
[EventDate "2024.08.02"]

1. e4 Nf6 2. Nc3 d5 3. e5 d4 4. exf6 dxc3 5. bxc3 exf6 6. Nf3 Bg4 7. Be2 Bd6 8.
O-O O-O 9. d4 c6 10. Rb1 Qc7 11. h3 Bh5 12. Nh4 Bg6 13. Bd3 Nd7 14. Qf3 b6 15.
Nf5 c5 16. h4 h5 17. Bd2 Rfe8 18. Rfe1 c4 19. Be4 Rad8 20. Re2 Nf8 21. Rbe1 Ne6
22. g3 Bf8 23. Bd5 Bxf5 24. Qxf5 g6 25. Qf3 Bg7 26. Bxe6 fxe6 27. Rxe6 Rxe6 28.
Rxe6 Qd7 29. Qe2 Qa4 30. Re7 a5 31. Qe6+ Kh8 32. Rxg7 Re8 33. Qxf6 Qxc2 34.
Rxg6+ Kh7 35. Qg7# 1-0

[Event "FIDE World Rapid Team"]
[Site "Almaty KAZ"]
[Date "2024.08.04"]
[Round "10.31"]
[White "Shonazarov, Orash"]
[Black "Tuleyeva-Aketayeva, Dana"]
[Result "1-0"]
[WhiteTitle "FM"]
[BlackTitle "WIM"]
[WhiteElo "2277"]
[BlackElo "2130"]
[WhiteTeam "Chess Empire"]
[BlackTeam "Abai Chess Team"]
[WhiteFideId "13737910"]
[BlackFideId "13701932"]
[EventDate "2024.08.02"]

1. e4 c5 2. Nf3 Nc6 3. Bb5 e6 4. O-O d6 5. Bxc6+ bxc6 6. e5 d5 7. b3 Ne7 8. Nc3
Ng6 9. Ba3 Qa5 10. Na4 c4 11. Bxf8 Nxf8 12. d4 cxd3 13. cxd3 c5 14. Qe1 Qxe1 15.
Rfxe1 Nd7 16. Rac1 Ba6 17. Nxc5 Nxc5 18. Rxc5 Bxd3 19. Rc7 O-O 20. Rec1 a5 21.
a3 Rab8 22. Nd4 a4 23. b4 Bc4 24. f3 Rfc8 25. Rxc8+ Rxc8 26. Kf2 Kf8 27. Ke3 Ke8
28. Nb5 Ke7 29. Nd6 Rc7 30. Kd4 Rd7 31. b5 Rxd6 32. exd6+ Kxd6 33. Rb1 Bb3 34.
f4 f6 35. Re1 Bc4 36. b6 Ba6 37. g3 Bc8 38. Rc1 e5+ 39. Ke3 d4+ 40. Kd2 Ba6 41.
Rc7 e4 42. Rxg7 e3+ 43. Ke1 Kc6 44. Rf7 Kxb6 45. Rxf6+ Kb7 46. Rd6 d3 47. Re6 e2
48. f5 Bc4 49. Re4 Bb3 50. Rd4 Kc6 51. Rxd3 1-0

[Event "FIDE World Rapid Team"]
[Site "Almaty KAZ"]
[Date "2024.08.04"]
[Round "10.32"]
[White "Akylbek, Zhaksylyk"]
[Black "Karmenov, Berik"]
[Result "1/2-1/2"]
[WhiteElo "1662"]
[BlackElo "2046"]
[WhiteTeam "Abai Chess Team"]
[BlackTeam "Chess Empire"]
[WhiteFideId "13725980"]
[BlackFideId "4194063"]
[EventDate "2024.08.02"]

1. d4 Nf6 2. c3 b6 3. Nd2 Bb7 4. e3 g6 5. f4 Bg7 6. Ngf3 O-O 7. Bd3 c5 8. O-O e6
9. Qe2 cxd4 10. exd4 d6 11. Ne4 Qc7 12. Bd2 Nbd7 13. Rae1 Nxe4 14. Bxe4 Bxe4 15.
Qxe4 Nf6 16. Qe2 d5 17. a3 a6 18. Ne5 Ne4 19. Ng4 b5 20. Nf2 f5 21. Nxe4 fxe4
22. g4 Rf7 23. h4 Raf8 24. h5 gxh5 25. g5 Rf5 26. Qxh5 Qf7 27. Qxf7+ R8xf7 28.
Rf2 Rb7 29. Kf1 Bf8 30. Ke2 Bd6 31. Rh1 Rbf7 32. Rh4 e5 33. dxe5 Bxe5 34. Be3
Bg7 35. Rfh2 d4 36. cxd4 Bf8 37. g6 hxg6 38. Rh8+ Kg7 39. d5 Rxd5 40. Bd2 Kf6
41. Bc3+ Ke6 42. Ke3 Kf5 43. Rg2 Rd3+ 44. Ke2 Bg7 45. Rh7 Bxc3 46. Rxf7+ Ke6 47.
Ra7 Rd2+ 48. Kf1 Rd1+ 49. Ke2 Rd2+ 50. Kf1 Rd1+ 51. Ke2 Rd2+ 52. Kf1 Rd1+ 53.
Kf2 Bd4+ 54. Ke2 Rb1 1/2-1/2

[Event "FIDE World Rapid Team"]
[Site "Almaty KAZ"]
[Date "2024.08.04"]
[Round "10.33"]
[White "Ermekbaev, Iliyas"]
[Black "Abuzyarov, Arlan"]
[Result "0-1"]
[WhiteElo "1621"]
[BlackElo "1851"]
[WhiteTeam "Chess Empire"]
[BlackTeam "Abai Chess Team"]
[WhiteFideId "13784420"]
[BlackFideId "13726820"]
[EventDate "2024.08.02"]

1. e4 c6 2. d4 d5 3. e5 Bf5 4. Nc3 e6 5. g4 Bg6 6. Nge2 Be7 7. Nf4 Bg5 8. Ng2
Bxc1 9. Rxc1 h6 10. Nf4 Bh7 11. h4 Ne7 12. Nh5 Rg8 13. g5 hxg5 14. hxg5 Bf5 15.
Bd3 Na6 16. Bxf5 Nxf5 17. g6 fxg6 18. Nf4 Qd7 19. Nxg6 O-O-O 20. Qg4 Qf7 21. Kd2
Nxd4 22. Qxd4 Qxg6 23. Rcg1 Qf5 24. Qxa7 d4 25. Na4 Qf4+ 26. Kd1 d3 27. Nb6+ Kc7
28. c3 Qf3+ 29. Kc1 d2+ 30. Kc2 Qd3+ 31. Kd1 Qb1+ 32. Ke2 Qc2 0-1

[Event "FIDE World Rapid Team"]
[Site "Almaty KAZ"]
[Date "2024.08.04"]
[Round "10.34"]
[White "Matymov, Madi"]
[Black "Sartbayev, Askar"]
[Result "0-1"]
[WhiteElo "1824"]
[BlackElo "1702"]
[WhiteTeam "Abai Chess Team"]
[BlackTeam "Chess Empire"]
[WhiteFideId "13721283"]
[BlackFideId "13751190"]
[EventDate "2024.08.02"]

1. e4 c5 2. Nf3 d6 3. d4 cxd4 4. Nxd4 Nf6 5. Nc3 a6 6. Be3 e5 7. Nb3 Be6 8. Bd3
Be7 9. O-O Nbd7 10. f3 O-O 11. Qe2 b5 12. Rfc1 Qc7 13. Nd2 b4 14. Na4 d5 15. Bf2
Nh5 16. g3 f5 17. exd5 Bxd5 18. f4 g6 19. fxe5 Nxe5 20. Bb6 Qb8 21. Re1 Bd6 22.
Bc4 Qb7 23. b3 f4 24. Bxd5+ Qxd5 25. Bf2 fxg3 26. hxg3 Qxd2 27. Qxd2 Nf3+ 28.
Kg2 Nxd2 29. Rad1 Rxf2+ 30. Kxf2 Bxg3+ 31. Ke2 Bxe1 32. Rxe1 Ne4 33. Kf3 Rf8+
34. Ke3 Nc3 35. Nxc3 bxc3 36. Kd3 Rf3+ 37. Ke4 Rf7 0-1

[Event "FIDE World Rapid Team"]
[Site "Almaty KAZ"]
[Date "2024.08.04"]
[Round "10.35"]
[White "Adilbekuly, Altair"]
[Black "Demezhanov, Tuleubek"]
[Result "0-1"]
[WhiteElo "1694"]
[BlackElo "1776"]
[WhiteTeam "Chess Empire"]
[BlackTeam "Abai Chess Team"]
[WhiteFideId "13763130"]
[BlackFideId "13707272"]
[EventDate "2024.08.02"]

1. e4 e5 2. f4 exf4 3. Bc4 Nc6 4. d4 Qh4+ 5. Kf1 d6 6. Nf3 Qf6 7. Nc3 Bg4 8. Nd5
Qd8 9. Bxf4 Na5 10. Qe2 Nxc4 11. Qxc4 c6 12. Nc3 Qf6 13. Bg5 Qg6 14. Bh4 Qh5 15.
Bf2 Bxf3 16. gxf3 Qxf3 17. Rg1 Nf6 18. Rg3 Qh1+ 19. Bg1 O-O-O 20. d5 c5 21. Re1
Nh5 22. Rg2 Nf4 23. Rg3 h5 24. Ree3 Rh6 25. Nd1 h4 26. Rg4 Rf6 27. Nf2 Ng6 28.
Ke2 Rxf2+ 29. Bxf2 Ne5 30. Qa4 Nxg4 31. Rb3 Nxf2 32. Qxa7 Qxe4+ 33. Kxf2 Qxd5
34. Qa8+ Kc7 35. Qa5+ Kd7 36. Qa7 Ke6 37. c4 Qd2+ 38. Kf1 Rd7 39. Qb8 Qd1+ 40.
Kf2 Be7 41. Qe8 Qd2+ 42. Kf1 Rd8 43. Qb5 Bf6 44. Qxb7 Qd1+ 45. Kg2 Qg4+ 46. Kf1
Bd4 47. Qd5+ Ke7 48. Rf3 f6 49. h3 Qg1+ 50. Ke2 Qh2+ 51. Kd3 Qxb2 52. Ke4 Qe2+
53. Kf5 Qe5+ 0-1

[Event "FIDE World Rapid Team"]
[Site "Almaty KAZ"]
[Date "2024.08.04"]
[Round "10.36"]
[White "Akylbek, Eskendir"]
[Black "Zhumagali, Raian"]
[Result "1-0"]
[BlackTitle "WCM"]
[WhiteElo "1603"]
[BlackElo "1632"]
[WhiteTeam "Abai Chess Team"]
[BlackTeam "Chess Empire"]
[WhiteFideId "13747860"]
[BlackFideId "13730150"]
[EventDate "2024.08.02"]

1. d4 Nf6 2. Nd2 g6 3. e4 d6 4. Ngf3 Bg7 5. Bd3 Nbd7 6. O-O c5 7. c3 O-O 8. Nc4
Qc7 9. Bg5 h6 10. Bxf6 Nxf6 11. Rc1 b6 12. Qe2 Bb7 13. d5 b5 14. Ne3 c4 15. Bb1
a6 16. Nd2 Nd7 17. f4 h5 18. Nf3 Qc5 19. Kh1 Rac8 20. Ng5 Nf6 21. f5 Bh6 22. h4
Bxg5 23. hxg5 Nh7 24. e5 Kg7 25. fxg6 Nxg5 26. Nf5+ Kg8 27. Qxh5 f6 28. g7 Nf7
29. Nxe7+ 1-0

[Event "FIDE World Rapid Team"]
[Site "Almaty KAZ"]
[Date "2024.08.04"]
[Round "10.37"]
[White "Beristenov, Kair"]
[Black "Tulegenov, Amir"]
[Result "0-1"]
[WhiteElo "1995"]
[BlackElo "1858"]
[WhiteTeam "Future GM"]
[BlackTeam "Baiterekchess"]
[WhiteFideId "13777831"]
[BlackFideId "13742167"]
[EventDate "2024.08.02"]

1. e4 c5 2. d4 cxd4 3. Qxd4 Nc6 4. Qd3 Nf6 5. Nc3 e6 6. Bf4 d5 7. exd5 Nb4 8.
Qd2 Nbxd5 9. Nxd5 exd5 10. Bb5+ Bd7 11. Bxd7+ Qxd7 12. O-O-O Be7 13. Ne2 O-O 14.
f3 Rac8 15. Kb1 Rfd8 16. Nd4 Rc4 17. g4 Rdc8 18. Be5 Ne8 19. Nf5 Bf8 20. c3 Qb5
21. Rhe1 Qb6 22. Qxd5 Nf6 23. Qd2 Ne8 24. Bd4 Qc6 25. Qd3 Qg6 26. Ne7+ Bxe7 27.
Qxg6 hxg6 28. Rxe7 Nc7 29. Bxa7 Rf4 30. Rd3 Ne6 31. Rxb7 Ng5 32. Rb8 Rxb8 33.
Bxb8 Rf6 34. Be5 Re6 35. Re3 Nxf3 36. Rxf3 Rxe5 37. a4 Ra5 38. b3 f5 39. h3 Kf7
40. Kb2 Ke6 41. Re3+ Kd5 42. Ka3 f4 43. Re7 Ra6 44. g5 f3 45. Rf7 Ke4 46. b4 Rd6
47. a5 Rd1 48. b5 Rd5 49. a6 Rxb5 50. a7 Ra5+ 51. Kb4 Ra2 52. Kb5 Ke3 53. Kb6 f2
54. Kb7 Rb2+ 55. Kc8 Ra2 56. Kb8 Rb2+ 57. Kc8 Ra2 58. Kb8 Rb2+ 59. Rb7 f1=Q 60.
Rxb2 Qf8+ 61. Kb7 Qe7+ 62. Kb6 Qd6+ 63. Kb5 Qa3 64. Rb4 Qxa7 65. c4 Kd4 66. c5+
Kd5 67. c6 Qc5+ 68. Ka4 Qxc6+ 69. Ka5 Qc3 70. Ka4 Qxh3 71. Rb7 Qg4+ 0-1

[Event "FIDE World Rapid Team"]
[Site "Almaty KAZ"]
[Date "2024.08.04"]
[Round "10.38"]
[White "Primbetov, Nurassyl"]
[Black "Borumbayev, Adil"]
[Result "1-0"]
[WhiteElo "1784"]
[BlackElo "1848"]
[WhiteTeam "Baiterekchess"]
[BlackTeam "Future GM"]
[WhiteFideId "447010193"]
[BlackFideId "13747932"]
[EventDate "2024.08.02"]

1. e4 c5 2. Nf3 d6 3. Bb5+ Nd7 4. O-O g6 5. d4 cxd4 6. Qxd4 Nf6 7. e5 dxe5 8.
Nxe5 Bg7 9. Rd1 a6 10. Qa4 Rb8 11. Nxd7 Nxd7 12. Bf1 O-O 13. Nc3 b5 14. Qh4 Bb7
15. Bg5 f6 16. Qh3 fxg5 17. Rxd7 Qb6 18. Rd2 Be5 19. Re1 Bf6 20. Ne4 Bxe4 21.
Rxe4 Rbd8 22. Bd3 Bd4 23. Rxe7 Bg7 24. Rde2 Rd6 25. Qg3 Rdf6 26. R7e3 Qd4 27. c3
Qa4 28. Qxg5 Qxa2 29. g3 Qa1+ 30. Kg2 Qa2 31. Be4 Kh8 32. Bd5 Qb1 33. Qg4 a5 34.
Qd7 Qd1 35. Re7 b4 36. Rxg7 R6f7 1-0

[Event "FIDE World Rapid Team"]
[Site "Almaty KAZ"]
[Date "2024.08.04"]
[Round "10.39"]
[White "Zeynyshev, Elnur"]
[Black "Omarbek, Adlet"]
[Result "1-0"]
[WhiteElo "1812"]
[BlackElo "1713"]
[WhiteTeam "Future GM"]
[BlackTeam "Baiterekchess"]
[WhiteFideId "13719386"]
[BlackFideId "13779842"]
[EventDate "2024.08.02"]

1. e4 c5 2. Nf3 e6 3. g3 Nc6 4. Bg2 g6 5. d4 cxd4 6. Nxd4 Bg7 7. Nb5 Nge7 8.
Nd6+ Kf8 9. O-O h5 10. Qf3 Ne5 11. Qe2 a6 12. Be3 Ng4 13. c3 Qc7 14. Rd1 Kg8 15.
Bg5 f6 16. Bc1 Nc6 17. h3 Nge5 18. f4 Nf7 19. Ne8 Qd8 20. Nxg7 Kxg7 21. Be3 e5
22. Nd2 h4 23. g4 exf4 24. Bf2 g5 25. Nc4 Qe7 26. Nb6 Rb8 27. Rd5 d6 28. Rad1
Be6 29. R5d2 Rhd8 30. b3 Re8 31. b4 Rbd8 32. a4 Nce5 33. Bd4 Qc7 34. a5 Nc4 35.
Nxc4 Qxc4 36. Qxc4 Bxc4 37. Bb6 Rd7 38. Rd4 Be6 39. Kf2 Rc8 40. Rc1 Rc4 41. Rxc4
Bxc4 42. Rd1 Kf8 43. Rd4 Be6 44. Bf1 Ke7 45. b5 Nd8 46. bxa6 bxa6 47. Bxa6 Nc6
48. Rd2 Ne5 49. Rd4 Nc6 50. Rd1 Ne5 51. Bc8 Bc4 52. Bxd7 Kxd7 53. Bd4 Nc6 54.
Bxf6 Nxa5 55. Bxg5 Ke6 56. Bxf4 d5 57. exd5+ Bxd5 58. Bg5 Nc4 59. Bxh4 Nd6 60.
Rd4 Ne4+ 61. Ke3 Nxc3 62. Bg3 Nb5 63. Rb4 Na7 64. h4 Nc6 65. Ra4 Ne7 66. h5 Ng8
67. Ra6+ Kf7 68. Kf4 Bc4 69. Rb6 Be2 70. h6 Nf6 71. Rb7+ Kg6 72. Rb6 Kf7 73.
Rb7+ Kg6 74. Rb6 Kf7 75. Rc6 Bb5 76. Rc5 Be2 77. Rg5 Bd3 78. Rg7+ Kf8 79. Ke5
Ne8 80. Ra7 Kg8 81. Re7 Kf8 82. Bh4 Bb1 83. h7 Bxh7 84. Rxh7 Ng7 85. Rxg7 Kxg7
86. Kf5 Kf7 87. g5 Kg7 88. g6 Kg8 89. Kf6 Kf8 90. Be1 Kg8 91. g7 Kh7 92. Kf7 Kh6
93. g8=Q Kh5 94. Qg6# 1-0

[Event "FIDE World Rapid Team"]
[Site "Almaty KAZ"]
[Date "2024.08.04"]
[Round "10.40"]
[White "Shakhman, Asanali"]
[Black "Karepov, Ilya"]
[Result "0-1"]
[WhiteElo "1537"]
[BlackElo "1719"]
[WhiteTeam "Baiterekchess"]
[BlackTeam "Future GM"]
[WhiteFideId "447018860"]
[BlackFideId "13728938"]
[EventDate "2024.08.02"]

1. e4 c6 2. d4 d5 3. exd5 cxd5 4. Bd3 Nc6 5. c3 Nf6 6. Bf4 Qb6 7. Qb3 Qxb3 8.
axb3 e6 9. Nf3 Be7 10. Nbd2 O-O 11. O-O Bd7 12. Rfe1 Nh5 13. Be3 Bd6 14. b4 a6
15. Nb3 Rae8 16. h3 f6 17. g4 Nf4 18. Bxf4 Bxf4 19. Nc5 Bc8 20. Bc2 Bd6 21. Bb3
g6 22. Re2 Re7 23. Rae1 Rfe8 24. Kg2 Kg7 25. g5 b6 26. Nd3 a5 27. bxa5 Nxa5 28.
gxf6+ Kxf6 29. Ba2 Ba6 30. Rd2 Ra8 31. Nde5 Nc4 32. Nxc4 dxc4 33. Ne5 Bb7+ 34.
Kg1 Rxa2 35. Nxc4 Bc7 36. Ne3 h5 37. Rde2 Bf3 38. Rd2 Bf4 39. Kf1 Rea7 40. d5
Ra1 0-1

[Event "FIDE World Rapid Team"]
[Site "Almaty KAZ"]
[Date "2024.08.04"]
[Round "10.41"]
[White "Nauanova Zhaniya"]
[Black "Anvar, Sultan"]
[Result "1-0"]
[WhiteElo "1835"]
[BlackElo "1529"]
[WhiteTeam "Future GM"]
[BlackTeam "Baiterekchess"]
[WhiteFideId "13780956"]
[BlackFideId "13783815"]
[EventDate "2024.08.02"]

1. c4 Nf6 2. Nc3 b6 3. Nf3 Bb7 4. g3 e6 5. Bg2 Be7 6. O-O O-O 7. d4 d5 8. cxd5
exd5 9. Ne5 c5 10. dxc5 bxc5 11. Nd3 Nbd7 12. Bg5 h6 13. Bxf6 Nxf6 14. Nf4 Qb6
15. Nfxd5 Nxd5 16. Nxd5 Bxd5 17. Bxd5 Rad8 18. b3 Bf6 19. Rc1 Bd4 20. e4 Kh8 21.
Qf3 Qa6 22. Rfd1 Rd6 23. Rc2 Rf6 24. Qd3 Qb6 25. Qc4 Qd6 26. b4 Rc8 27. Rxd4 Re8
28. Qxc5 Qxc5 29. Rxc5 Rd8 30. Rc7 a6 31. Rdc4 Rf8 32. R4c6 Rf3 33. Rxa6 g6 34.
Raa7 Kg7 35. Rxf7+ R3xf7 36. Rxf7+ Rxf7 37. Bxf7 Kxf7 38. a4 Ke7 39. b5 Kd7 40.
a5 Kd6 41. b6 Kc6 42. e5 Kb7 43. e6 Kc6 44. e7 Kd7 45. b7 Kxe7 46. b8=Q Kf6 47.
a6 h5 48. Qb5 Ke6 49. a7 Ke7 50. Qb6 Kf7 51. a8=Q Kg7 52. Qaa7+ Kh6 53. Qe3+ g5
54. Qe6# 1-0

[Event "FIDE World Rapid Team"]
[Site "Almaty KAZ"]
[Date "2024.08.04"]
[Round "10.42"]
[White "Zhankarayeva, Zhansaya"]
[Black "Omar, Temirlan"]
[Result "0-1"]
[WhiteElo "1402"]
[BlackElo "1874"]
[WhiteTeam "Baiterekchess"]
[BlackTeam "Future GM"]
[WhiteFideId "13781804"]
[BlackFideId "13723960"]
[EventDate "2024.08.02"]

1. e4 e6 2. d4 d5 3. Nc3 Nf6 4. e5 Nfd7 5. f4 c5 6. Nf3 Nc6 7. Be3 a6 8. Be2 b5
9. O-O Qb6 10. Kh1 cxd4 11. Nxd4 Bc5 12. Nxc6 Bxe3 13. Nb4 Bb7 14. Nd3 O-O 15.
Bf3 a5 16. a3 Rac8 17. Qe2 Bd4 18. Nd1 Nc5 19. c3 Nxd3 20. Qxd3 Bc5 21. b4 Be7
22. f5 exf5 23. Qxf5 axb4 24. axb4 Ra8 25. Rxa8 Bxa8 26. Qd7 Qe6 27. Qxb5 Qxe5
28. c4 Bd6 29. g3 dxc4 30. Qxe5 Bxe5 31. Bxa8 Rxa8 32. Ne3 c3 33. Nc4 Bd4 34.
Rc1 Rb8 35. Rd1 f6 36. Na5 Rb7 37. b5 Rxb5 38. Nc6 Rb4 39. Rc1 c2 40. Rb1 0-1

[Event "FIDE World Rapid Team"]
[Site "Almaty KAZ"]
[Date "2024.08.04"]
[Round "10.43"]
[White "Malyi, Viacheslav"]
[Black "Balguzhinov, Bakhyt"]
[Result "1/2-1/2"]
[WhiteTitle "FM"]
[WhiteElo "2391"]
[BlackElo "2155"]
[WhiteTeam "KRG-Team"]
[BlackTeam "Chessacademy_pvl"]
[WhiteFideId "14123983"]
[BlackFideId "13703854"]
[EventDate "2024.08.02"]

1. e4 Nf6 2. e5 Nd5 3. d4 d6 4. Nf3 Bg4 5. h3 Bxf3 6. Qxf3 c6 7. c4 Nc7 8. Nc3
dxe5 9. dxe5 Ne6 10. Qe4 Nd7 11. Be3 Ndc5 12. Bxc5 Nxc5 13. Qe3 e6 14. Be2 a5
15. O-O Be7 16. Rad1 Qc7 17. f4 O-O 18. Kh1 Rfd8 19. Ne4 Nxe4 20. Qxe4 g6 21.
Qe3 Rxd1 22. Rxd1 Rd8 23. b3 1/2-1/2

[Event "FIDE World Rapid Team"]
[Site "Almaty KAZ"]
[Date "2024.08.04"]
[Round "10.44"]
[White "Prokoptsov, Mikhail"]
[Black "Altynbekuly, Madiyar"]
[Result "0-1"]
[WhiteElo "1702"]
[BlackElo "2114"]
[WhiteTeam "Chessacademy_pvl"]
[BlackTeam "KRG-Team"]
[WhiteFideId "447005122"]
[BlackFideId "13736264"]
[EventDate "2024.08.02"]

1. e4 c5 2. Nf3 d6 3. d4 cxd4 4. Qxd4 Nf6 5. Nc3 a6 6. Be3 Nc6 7. Qd2 g6 8. a3
Bg7 9. Be2 O-O 10. O-O b5 11. Rad1 Bb7 12. Bd3 Rc8 13. Rfe1 Na5 14. a4 b4 15.
Na2 Bxe4 16. Bxe4 Nxe4 17. Qxb4 Rc4 18. Bb6 Rxb4 19. Bxd8 Rxa4 20. Bxa5 Rxa5 21.
Nb4 f5 22. c3 Rb5 23. Re2 Bxc3 24. Nxa6 Rxb2 25. Rxb2 Bxb2 26. Nc7 Rc8 27. Nd5
Kf7 28. Ne3 Rc1 29. Kf1 Rxd1+ 30. Nxd1 Ba3 31. Ke2 Bc5 32. h3 e5 33. Ne1 Bb4 34.
Nd3 Nc3+ 35. Nxc3 Bxc3 36. Ke3 Bd4+ 37. Ke2 Ke6 38. f3 d5 39. Nb4 e4 40. Nc2 Bc5
41. Kd2 d4 42. Na1 Bb4+ 43. Ke2 d3+ 44. Kd1 e3 45. Nb3 e2+ 46. Kc1 e1=Q+ 47. Kb2
Qc3+ 48. Ka2 Qc2+ 49. Ka1 Bc3# 0-1

[Event "FIDE World Rapid Team"]
[Site "Almaty KAZ"]
[Date "2024.08.04"]
[Round "10.45"]
[White "Savitskiy, Vladimir"]
[Black "Derksen, Vadim"]
[Result "0-1"]
[WhiteElo "1893"]
[BlackElo "1735"]
[WhiteTeam "KRG-Team"]
[BlackTeam "Chessacademy_pvl"]
[WhiteFideId "13739999"]
[BlackFideId "13737244"]
[EventDate "2024.08.02"]

1. d4 Nf6 2. c4 e6 3. Nf3 d5 4. Nc3 c5 5. cxd5 Nxd5 6. e4 Nxc3 7. bxc3 cxd4 8.
cxd4 Bb4+ 9. Bd2 Bxd2+ 10. Qxd2 O-O 11. Be2 b6 12. O-O Bb7 13. Qe3 Nd7 14. e5
Rc8 15. Rfc1 Nb8 16. Bd3 h6 17. Nd2 Nc6 18. Ne4 Qxd4 19. Nd6 Rb8 20. Be4 Qxe3
21. fxe3 Na5 22. Bd3 Bc6 23. Bb5 Bxb5 24. Nxb5 Rb7 25. Rc3 Rd7 26. a4 Nb7 27.
Nxa7 Nc5 28. Nc6 Rc8 29. Nd4 Ra8 30. Rc4 Rda7 31. Rb4 Rxa4 32. Raxa4 Nxa4 33.
Kf2 Nc5 34. Rxb6 Nd3+ 35. Kg3 Nxe5 36. Nf3 Nxf3 37. Kxf3 Ra7 38. Rc6 e5 39. Rc5
f6 40. h3 Kf7 41. g4 Rb7 42. Ra5 Kg6 43. h4 Kf7 44. Ra6 Rd7 45. Ke4 Rd1 46. h5
Kg8 47. Kf5 Kh7 48. Ke4 Rg1 49. Kf3 Rf1+ 50. Ke4 Rb1 51. Ra7 Rb4+ 52. Kf3 Rb2
53. Rc7 Rh2 54. Ra7 Rh3+ 55. Ke4 Rg3 56. Kf5 Rxe3 57. Ra4 Rf3+ 58. Ke6 Rf4 59.
Ra3 Rxg4 60. Rh3 Ra4 61. Kf5 Ra6 62. Rh1 Ra4 63. Rh3 Ra8 64. Rh4 Re8 65. Ke4 Kg8
66. Rh1 Kf7 67. Ra1 Re7 68. Rg1 Rd7 69. Ra1 Ke6 70. Ra6+ Rd6 71. Ra7 f5+ 72. Ke3
Kf6 73. Ra5 Re6 74. Ra1 Re7 75. Ra6+ Kg5 76. Rg6+ Kxh5 77. Rg1 g5 78. Rf1 Kg6
79. Rb1 Re6 80. Rb8 e4 81. Kd4 0-1

[Event "FIDE World Rapid Team"]
[Site "Almaty KAZ"]
[Date "2024.08.04"]
[Round "10.46"]
[White "Ivlev, Andrey"]
[Black "Magzumov, Damirali"]
[Result "1/2-1/2"]
[WhiteElo "1578"]
[BlackElo "1756"]
[WhiteTeam "Chessacademy_pvl"]
[BlackTeam "KRG-Team"]
[WhiteFideId "13747991"]
[BlackFideId "13727117"]
[EventDate "2024.08.02"]

1. d4 Nf6 2. Nf3 e6 3. c4 Bb4+ 4. Bd2 Qe7 5. Bxb4 Qxb4+ 6. Qd2 Qxd2+ 7. Nbxd2 d5
8. e3 O-O 9. Bd3 b6 10. O-O Ba6 11. b4 c5 12. a3 Nbd7 13. Rfc1 Rfc8 14. Bf1 cxd4
15. Nxd4 Ne5 16. b5 Bb7 17. a4 dxc4 18. Nxc4 1/2-1/2